[Event "Torneo Zonale Preliminare"]
[Site "Los Yebenes ESP"]
[Date "1990.05.??"]
[Round "1"]
[White "Fernandes, Antonio M."]
[Black "Arlandi, Ennio"]
[Result "1-0"]
[WhiteElo "2440"]
[BlackElo "2390"]
[PlyCount "115"]
[EventDate "1990.05.01"]

1. d4 d5 2. Bg5 h6 3. Bh4 c6 4. Nc3 Qb6 5. Rb1 e5 6. e3 exd4 7. Qxd4 Qxd4 8.
exd4 Ne7 9. Kd2 Nf5 10. Re1+ Be6 11. Nf3 Nxh4 12. Nxh4 Kd7 13. Bd3 Be7 14. Nf3
Kd6 15. Ne2 Bg5+ 16. Kd1 Nd7 17. Ne5 Nxe5 18. dxe5+ Kxe5 19. f4+ Bxf4 20. Nxf4+
Kxf4 21. Rhf1+ Kg4 22. Re5 Kh4 23. Be2 h5 24. Rf4+ Bg4 25. Rxf7 Raf8 26. Rxg7
Rf1+ 27. Kd2 Rf2 28. h3 Bxe2 29. Rxe2 Rxe2+ 30. Kxe2 Re8+ 31. Kf2 Re4 32. Rxb7
Rd4 33. c3 Rd2+ 34. Kf3 a5 35. a3 Rd3+ 36. Ke2 Rg3 37. Kf2 Rd3 38. Re7 a4 39.
Re2 Rd1 40. c4 dxc4 41. Re4+ Kg5 42. Rxc4 Rd2+ 43. Kf3 Rxb2 44. Rc5+ Kg6 45.
Rxc6+ Kg7 46. Kg3 Rb3+ 47. Kh4 Rxa3 48. Rc5 Ra2 49. g3 Ra3 50. Rxh5 Re3 51. Ra5
a3 52. Ra6 Rb3 53. g4 Kf7 54. g5 Rb4+ 55. Kh5 Rb3 56. h4 Rh3 57. Ra7+ Ke6 58.
Kg6 1-0

[Event "Torneo Zonale Preliminare"]
[Site "Los Yebenes ESP"]
[Date "1990.05.??"]
[Round "1"]
[White "Illescas Cordoba, Miguel"]
[Black "Belotti, Bruno"]
[Result "1-0"]
[WhiteElo "2530"]
[BlackElo "2425"]
[PlyCount "101"]
[EventDate "1990.05.01"]

1. e4 c5 2. Nf3 d6 3. d4 cxd4 4. Nxd4 Nf6 5. Nc3 Nc6 6. Be2 e6 7. O-O Be7 8.
Kh1 O-O 9. f4 Qc7 10. Be3 a6 11. Qe1 Bd7 12. Qg3 Kh8 13. a4 Nb4 14. e5 Nfd5 15.
Nxd5 Nxd5 16. Bg1 Rac8 17. c4 Nxf4 18. Rxf4 dxe5 19. Rg4 exd4 20. Bxd4 Bf6 21.
Bxf6 gxf6 22. Qh3 Rg8 23. Bd3 Rg7 24. Qh6 Rcg8 25. Qxf6 Bc6 26. Be4 Bxe4 27.
Rxe4 Qd8 28. Qc3 Qg5 29. g3 Rd8 30. Rd4 Rxd4 31. Qxd4 h5 32. Rd1 h4 33. Qd8+
Rg8 34. Qxg5 Rxg5 35. Rd7 Rc5 36. b3 b5 37. cxb5 axb5 38. a5 hxg3 39. Rxf7 Rc1+
40. Kg2 gxh2 41. Kxh2 Ra1 42. b4 Kg8 43. Rb7 Kf8 44. Rxb5 Ke7 45. Rb6 Ra3 46.
a6 e5 47. Kg2 e4 48. Kf2 Kd7 49. b5 Kc7 50. Rb7+ Kc8 51. Ke2 1-0

[Event "Torneo Zonale Preliminare"]
[Site "Los Yebenes ESP"]
[Date "1990.05.??"]
[Round "1"]
[White "Izeta Txabarri, Felix"]
[Black "Sanna, Gianlazzaro"]
[Result "0-1"]
[WhiteElo "2380"]
[BlackElo "2405"]
[PlyCount "78"]
[EventDate "1990.05.01"]

1. d4 d5 2. c4 e6 3. Nf3 Nf6 4. Nc3 Be7 5. Bg5 h6 6. Bh4 O-O 7. e3 b6 8. Be2
Bb7 9. Bxf6 Bxf6 10. cxd5 exd5 11. b4 c5 12. bxc5 bxc5 13. Rb1 Bc6 14. O-O Nd7
15. Bb5 Qc7 16. Qb3 Rfb8 17. Qa4 Nb6 18. Qa5 cxd4 19. exd4 Rc8 20. Rfc1 Bxb5
21. Qxb5 Qc4 22. Qxc4 Rxc4 23. Nb5 Na4 24. Rxc4 dxc4 25. Rb4 Nb6 26. Kf1 Rc8
27. Nc3 Rd8 28. Ne2 Rd5 29. Nc3 Rd7 30. Ne2 Kf8 31. Ke1 Ke7 32. Kd2 Rd5 33. Nc3
Ra5 34. a4 Ke6 35. Rb5 Rxb5 36. axb5 Be7 37. Ne5 Nd5 38. Nxd5 Kxd5 39. Kc3 Bd8
0-1

[Event "Torneo Zonale Preliminare"]
[Site "Los Yebenes ESP"]
[Date "1990.05.??"]
[Round "2"]
[White "Sanna, Gianlazzaro"]
[Black "Belotti, Bruno"]
[Result "0-1"]
[WhiteElo "2405"]
[BlackElo "2425"]
[PlyCount "86"]
[EventDate "1990.05.01"]

1. d4 d6 2. c4 g6 3. Nf3 Bg7 4. g3 Nf6 5. Bg2 O-O 6. O-O Nc6 7. d5 Na5 8. Nbd2
c5 9. Qc2 b5 10. e4 bxc4 11. Nxc4 Nxc4 12. Qxc4 Rb8 13. Re1 e6 14. dxe6 Bxe6
15. Qc2 Ng4 16. h3 Ne5 17. Ng5 Bd7 18. f4 Nc6 19. e5 dxe5 20. Qxc5 exf4 21. Rd1
Rc8 22. Bxf4 Nd4 23. Qxa7 Bc6 24. Bxc6 Rxc6 25. Be3 Rd6 26. Kg2 Nc2 27. Rxd6
Qxd6 28. Rf1 Qd5+ 29. Kh2 h6 30. Bc5 hxg5 31. Bxf8 Bxf8 32. Qf2 Nd4 33. a3 Bd6
34. Qf6 Ne2 35. Qf3 Bxg3+ 36. Kg2 Qe6 37. Qg4 Qd5+ 38. Qf3 Qe6 39. Qg4 Qd5+ 40.
Qf3 Qc4 41. b3 Qe6 42. Qg4 Qe7 43. Qb4 Bd6 0-1

[Event "Torneo Zonale Preliminare"]
[Site "Los Yebenes ESP"]
[Date "1990.05.??"]
[Round "3"]
[White "Belotti, Bruno"]
[Black "Arlandi, Ennio"]
[Result "1/2-1/2"]
[WhiteElo "2425"]
[BlackElo "2390"]
[PlyCount "95"]
[EventDate "1990.05.01"]

1. c4 e6 2. Nc3 d5 3. d4 Be7 4. Nf3 Nf6 5. cxd5 exd5 6. Bg5 c6 7. Qc2 g6 8. e4
dxe4 9. Bxf6 Bxf6 10. Qxe4+ Kf8 11. Bc4 Kg7 12. O-O Re8 13. Qf4 Be6 14. Bxe6
Rxe6 15. Rad1 Qd6 16. Qc1 Na6 17. d5 Ree8 18. dxc6 Qxc6 19. Nd4 Qc5 20. Ndb5
Rad8 21. Rxd8 Rxd8 22. Rd1 Nb4 23. Rxd8 Bxd8 24. Qd2 Bb6 25. Nd6 Nd3 26. Nce4
Qd4 27. h4 Kg8 28. Qc2 Nc5 29. Nxc5 Qxd6 30. Ne4 Qe6 31. b3 h6 32. g3 f5 33.
Nc3 Qd6 34. Ne2 Kf7 35. h5 Qc5 36. Qxc5 Bxc5 37. hxg6+ Kxg6 38. Kg2 Kf6 39. f4
Ke6 40. Nc3 Bb4 41. Nb5 Bc5 42. Kf3 a6 43. Nc3 h5 44. Nd1 b5 45. Ne3 a5 46. a4
bxa4 47. bxa4 Bb6 48. Ke2 1/2-1/2

[Event "Torneo Zonale Preliminare"]
[Site "Los Yebenes ESP"]
[Date "1990.05.??"]
[Round "3"]
[White "Galego, Luis"]
[Black "Sanna, Gianlazzaro"]
[Result "1/2-1/2"]
[WhiteElo "2350"]
[BlackElo "2405"]
[PlyCount "74"]
[EventDate "1990.05.01"]

1. e4 c5 2. Nf3 Nc6 3. d3 g6 4. Be3 Bg7 5. c3 b6 6. d4 cxd4 7. cxd4 d5 8. exd5
Qxd5 9. Nc3 Qd8 10. Bb5 Bd7 11. Qa4 Rc8 12. O-O Nh6 13. d5 Na5 14. Bxh6 Bxh6
15. Ne5 Bxb5 16. Qxb5+ Kf8 17. Rad1 Bf4 18. Rfe1 Bxe5 19. Rxe5 Nc4 20. Re2 Kg7
21. Qa4 Re8 22. Ne4 Kg8 23. h4 Nd6 24. b3 Nxe4 25. Qxe4 Qd6 26. g3 a5 27. Kg2
Rc5 28. h5 gxh5 29. Qd4 Rd8 30. Re5 Qf6 31. Qe4 e6 32. Rxh5 Qg6 33. Qh4 Rdxd5
34. Rhxd5 Rxd5 35. Rxd5 exd5 36. Qd8+ Kg7 37. Qxd5 Qf6 1/2-1/2

[Event "Torneo Zonale Preliminare"]
[Site "Los Yebenes ESP"]
[Date "1990.05.??"]
[Round "4"]
[White "Garcia Albarracin, Francisco D."]
[Black "Belotti, Bruno"]
[Result "0-1"]
[WhiteElo "2270"]
[BlackElo "2425"]
[PlyCount "102"]
[EventDate "1990.05.01"]

1. d4 Nf6 2. c4 c5 3. d5 b5 4. cxb5 a6 5. e3 axb5 6. Bxb5 Qa5+ 7. Nc3 Bb7 8.
Nge2 Bxd5 9. O-O Bc6 10. a4 e6 11. e4 Be7 12. e5 Nd5 13. Nxd5 Bxd5 14. Nc3 Bb7
15. Re1 Nc6 16. Bf1 Nd4 17. Be3 Qb6 18. Nb5 Nf5 19. Rc1 O-O 20. Bf4 Bc6 21. b3
Rfd8 22. Rc3 g6 23. Nd6 Nxd6 24. exd6 Bf6 25. Rh3 Rdb8 26. Qe2 Bd5 27. Be5 Qd8
28. Qb2 Bxe5 29. Qxe5 Rxb3 30. Rxb3 Bxb3 31. Qxc5 Bxa4 32. Rc1 Bc6 33. h3 Qf6
34. Qb6 Ra1 35. Rxa1 Qxa1 36. Qb8+ Kg7 37. Qb4 h6 38. Qb8 Qd4 39. Be2 Qd2 40.
Bf1 Qc3 41. Qb6 Qd2 42. Qc5 Qd5 43. Qb4 e5 44. Qa3 h5 45. Qb4 Qd1 46. Qc5 Kf6
47. Qb4 Ke6 48. Qb8 Qxd6 49. Qe8+ Kf6 50. Bc4 Bd5 51. Bb5 Be6 0-1

[Event "Torneo Zonale Preliminare"]
[Site "Los Yebenes ESP"]
[Date "1990.05.??"]
[Round "4"]
[White "Sanna, Gianlazzaro"]
[Black "Arlandi, Ennio"]
[Result "1/2-1/2"]
[WhiteElo "2405"]
[BlackElo "2390"]
[PlyCount "22"]
[EventDate "1990.05.01"]

1. c4 e5 2. Nc3 c5 3. g3 Nc6 4. Bg2 g6 5. a3 a5 6. Nf3 Bg7 7. d3 d6 8. Rb1 Nge7
9. Nd5 Nxd5 10. cxd5 Ne7 11. Nd2 a4 1/2-1/2

[Event "Torneo Zonale Preliminare"]
[Site "Los Yebenes ESP"]
[Date "1990.05.??"]
[Round "5"]
[White "Arlandi, Ennio"]
[Black "Garcia Albarracin, Francisco D."]
[Result "1-0"]
[WhiteElo "2390"]
[BlackElo "2270"]
[PlyCount "65"]
[EventDate "1990.05.01"]

1. d4 Nf6 2. c4 d6 3. Nc3 Nbd7 4. e4 e5 5. Nf3 g6 6. Be2 Bg7 7. O-O O-O 8. Re1
c6 9. Bf1 exd4 10. Nxd4 Re8 11. Rb1 Ne5 12. h3 a6 13. Bf4 Nh5 14. Bh2 Bh6 15.
g3 b5 16. cxb5 axb5 17. f4 Qb6 18. Kg2 Nd7 19. Bg1 Qb7 20. a3 Nhf6 21. Kh2 Nb6
22. Bg2 Nfd7 23. e5 d5 24. Rc1 Nb8 25. Ndxb5 cxb5 26. Bxb6 Be6 27. Nxd5 Bxd5
28. Bxd5 Qxb6 29. Bxa8 Qf2+ 30. Bg2 Qxb2 31. Qd3 Bf8 32. Rb1 Qa2 33. Re2 1-0

[Event "Torneo Zonale Preliminare"]
[Site "Los Yebenes ESP"]
[Date "1990.05.??"]
[Round "5"]
[White "Belotti, Bruno"]
[Black "Izeta Txabarri, Felix"]
[Result "1/2-1/2"]
[WhiteElo "2425"]
[BlackElo "2380"]
[PlyCount "67"]
[EventDate "1990.05.01"]

1. d4 Nf6 2. c4 e6 3. Nf3 Bb4+ 4. Nbd2 b6 5. a3 Bxd2+ 6. Bxd2 Bb7 7. Bg5 h6 8.
Bh4 d6 9. e3 Nbd7 10. Bd3 g5 11. Bg3 h5 12. h3 Ne4 13. Qc2 f5 14. d5 Ndc5 15.
h4 g4 16. Nd4 Qf6 17. Bxe4 fxe4 18. Nxe6 Nxe6 19. dxe6 O-O 20. O-O a5 21. e7
Qxe7 22. b4 Rf5 23. Rfd1 Bc6 24. Qc3 Qg7 25. Rd4 Bb7 26. Rc1 axb4 27. axb4 Kh7
28. Qd2 Bc6 29. Kh2 Rff8 30. Rc2 Qe7 31. Ra2 Rxa2 32. Qxa2 Ra8 33. Qc2 Re8 34.
Qb1 1/2-1/2

[Event "Torneo Zonale Preliminare"]
[Site "Los Yebenes ESP"]
[Date "1990.05.??"]
[Round "5"]
[White "Fernandes, Antonio M."]
[Black "Sanna, Gianlazzaro"]
[Result "0-1"]
[WhiteElo "2440"]
[BlackElo "2405"]
[PlyCount "60"]
[EventDate "1990.05.01"]

1. e4 c5 2. Nf3 Nc6 3. Bb5 g6 4. O-O Bg7 5. c3 Nf6 6. Qe2 O-O 7. e5 Nd5 8. d4
cxd4 9. cxd4 d6 10. h3 Qb6 11. Rd1 Be6 12. Na3 a6 13. Ba4 Qa7 14. Bxc6 bxc6 15.
Nc4 h6 16. Bd2 Nb6 17. Ne3 Nd5 18. Nc4 Rfd8 19. Rac1 Rac8 20. Ba5 Rd7 21. b3
Qb8 22. Nfd2 dxe5 23. dxe5 Nf4 24. Qe3 Nd3 25. Rc3 Bxc4 26. Nxc4 Nxe5 27. Rxd7
Nxd7 28. Qxe7 Re8 29. Qd6 Re1+ 30. Kh2 Be5+ 0-1

[Event "Torneo Zonale Preliminare"]
[Site "Los Yebenes ESP"]
[Date "1990.05.??"]
[Round "6"]
[White "Galego, Luis"]
[Black "Belotti, Bruno"]
[Result "1/2-1/2"]
[WhiteElo "2350"]
[BlackElo "2425"]
[PlyCount "96"]
[EventDate "1990.05.01"]

1. d4 d6 2. e4 Nf6 3. Nc3 g6 4. Be2 Bg7 5. h4 h5 6. Bg5 Nbd7 7. Qd2 c6 8. f3 b5
9. Nh3 Nb6 10. b3 Qc7 11. Nf2 b4 12. Ncd1 c5 13. Rc1 O-O 14. g4 cxd4 15. Bxf6
Bxf6 16. gxh5 d5 17. hxg6 Qg3 18. Qh6 Qxg6 19. Qxg6+ fxg6 20. Bd3 Kg7 21. Ke2
Rh8 22. Nb2 Bxh4 23. Rcg1 Bxf2 24. Kxf2 Rxh1 25. Rxh1 Be6 26. Rg1 Bf7 27. e5
Rh8 28. Rg4 a5 29. Rxd4 Rh2+ 30. Ke3 Rh1 31. Kd2 Ra1 32. Nd1 Rxa2 33. Ne3 Ra1
34. Rg4 e6 35. Nd1 Nd7 36. f4 Nc5 37. Nf2 a4 38. bxa4 Rxa4 39. f5 exf5 40. Bxf5
Ra2 41. Nd3 Nxd3 42. Kxd3 Ra1 43. Kd4 Kh6 44. e6 Be8 45. Bd3 Rd1 46. Rg3 g5 47.
Kxd5 g4 48. Kc5 Kg5 1/2-1/2

[Event "Torneo Zonale Preliminare"]
[Site "Los Yebenes ESP"]
[Date "1990.05.??"]
[Round "6"]
[White "Izeta Txabarri, Felix"]
[Black "Arlandi, Ennio"]
[Result "1/2-1/2"]
[WhiteElo "2380"]
[BlackElo "2390"]
[PlyCount "108"]
[EventDate "1990.05.01"]

1. d4 d5 2. c4 e6 3. Nf3 Nf6 4. Nc3 Be7 5. Bg5 h6 6. Bh4 O-O 7. e3 b6 8. Rc1
Bb7 9. Bxf6 Bxf6 10. cxd5 exd5 11. Bd3 c5 12. O-O Re8 13. Bb1 Na6 14. Qa4 g6
15. Rfd1 cxd4 16. exd4 Nc7 17. a3 Ne6 18. Ba2 Qd6 19. Re1 Re7 20. Nb5 Qf4 21.
Qb3 Rae8 22. Qe3 Nxd4 23. Qxf4 Rxe1+ 24. Nxe1 Ne2+ 25. Kh1 Nxf4 26. Nd6 Re7 27.
Nxb7 Rxb7 28. g3 Ne2 29. Rc2 Nd4 30. Rc8+ Kg7 31. Bxd5 Rd7 32. Bc4 Nf5 33. Bd3
Bxb2 34. a4 Nd6 35. Rc2 Bf6 36. Kg2 Re7 37. Re2 Rc7 38. Rc2 Rc5 39. Rxc5 bxc5
40. Kf3 Bd4 41. Nc2 f5 42. Na3 Kf6 43. Ke2 Ke6 44. Nb5 Nxb5 45. Bxb5 Kd5 46.
Be8 g5 47. Bf7+ Ke5 48. h3 Bc3 49. Kd3 Be1 50. Ke2 Bb4 51. Kd3 a5 52. f3 Be1
53. g4 Kf4 54. Ke2 Bc3 1/2-1/2

[Event "Torneo Zonale Preliminare"]
[Site "Los Yebenes ESP"]
[Date "1990.05.??"]
[Round "6"]
[White "Sanna, Gianlazzaro"]
[Black "Garcia Albarracin, Francisco D."]
[Result "1/2-1/2"]
[WhiteElo "2405"]
[BlackElo "2270"]
[PlyCount "108"]
[EventDate "1990.05.01"]

1. d4 Nf6 2. c4 d6 3. Nf3 g6 4. g3 Bg7 5. Bg2 Nbd7 6. O-O O-O 7. Nc3 c6 8. e4
e5 9. Re1 Qb6 10. d5 cxd5 11. cxd5 Nc5 12. Qe2 Bd7 13. h3 Rfc8 14. Be3 Qb4 15.
Nh2 Na4 16. Nxa4 Qxa4 17. b3 Qa5 18. Nf1 Bb5 19. Qd2 Qa6 20. Qb4 Ne8 21. g4 Bf6
22. Nd2 Bd8 23. a4 Bd3 24. a5 Qb5 25. Qxb5 Bxb5 26. Bf1 Bd7 27. Bd3 Ng7 28. Nc4
Be7 29. f4 f6 30. f5 Ne8 31. Kf2 Nc7 32. Na3 Bd8 33. Rec1 Kf7 34. b4 Ke7 35. h4
Na6 36. Bd2 Nc7 37. b5 Ne8 38. Be2 Rxc1 39. Rxc1 Rc8 40. Rg1 Kf7 41. Rb1 b6 42.
Be3 Ra8 43. fxg6+ hxg6 44. axb6 Bxb6 45. Bxb6 axb6 46. Nc4 Rb8 47. g5 Ke7 48.
Rc1 fxg5 49. hxg5 Rb7 50. Rh1 Kf8 51. Rh7 Kg8 52. Re7 Kf8 53. Rh7 Kg8 54. Re7
Kf8 1/2-1/2

[Event "Torneo Zonale Preliminare"]
[Site "Los Yebenes ESP"]
[Date "1990.05.??"]
[Round "7"]
[White "Belotti, Bruno"]
[Black "Fernandes, Antonio M."]
[Result "0-1"]
[WhiteElo "2425"]
[BlackElo "2440"]
[PlyCount "136"]
[EventDate "1990.05.01"]

1. d4 d5 2. Nf3 Nf6 3. c4 g6 4. Nc3 Bg7 5. cxd5 Nxd5 6. e4 Nxc3 7. bxc3 c5 8.
Rb1 O-O 9. Be2 cxd4 10. cxd4 Qa5+ 11. Qd2 Qxd2+ 12. Bxd2 b6 13. Rc1 Bb7 14. d5
Na6 15. Be3 Rac8 16. O-O Rfd8 17. Rfd1 Nb4 18. Bc4 Bb2 19. Rb1 Rxc4 20. Rxb2
Rxe4 21. Nd2 Rxd5 22. Rdb1 Nd3 23. Rc2 Re6 24. Rc7 Nc5 25. Nb3 Rd7 26. Nxc5
Rxc7 27. Nxe6 fxe6 28. Rc1 Rd7 29. Kf1 e5 30. h4 Kf7 31. a3 Ke8 32. Rc3 Kd8 33.
g3 Rd5 34. Ke2 Kd7 35. Bg5 Bc6 36. Ke3 e6 37. Rd3 Kd6 38. Rc3 h5 39. Rd3 Bb5
40. Rc3 Rd1 41. Rc2 Re1+ 42. Kd2 Ra1 43. Bh6 Kd5 44. Bf8 Ke4 45. Rc1 Rxc1 46.
Kxc1 Kf3 47. Bg7 Kxf2 48. Bxe5 Bc4 49. Kd2 b5 50. Kc3 Ke3 51. Bd4+ Kf3 52. Be5
Ke4 53. Bb8 a6 54. Bc7 Bf1 55. Bb8 Be2 56. Bc7 Bg4 57. Bb8 Bf5 58. Bc7 Bh3 59.
Bb8 Bg2 60. Bc7 Bf1 61. Bb8 a5 62. Bc7 b4+ 63. axb4 a4 64. b5 Bxb5 65. Bd6 Bd7
66. Kc4 e5 67. Kc3 Be6 68. Kd2 Kd4 0-1

[Event "Torneo Zonale Preliminare"]
[Site "Los Yebenes ESP"]
[Date "1990.05.??"]
[Round "7"]
[White "Illescas Cordoba, Miguel"]
[Black "Sanna, Gianlazzaro"]
[Result "1-0"]
[WhiteElo "2530"]
[BlackElo "2405"]
[PlyCount "85"]
[EventDate "1990.05.01"]

1. Nf3 Nf6 2. c4 e6 3. Nc3 d5 4. d4 Be7 5. Bg5 h6 6. Bh4 O-O 7. e3 b6 8. Qc2
Bb7 9. Bxf6 Bxf6 10. cxd5 exd5 11. g4 g6 12. h4 Bg7 13. h5 g5 14. O-O-O Nd7 15.
Bd3 c5 16. Bh7+ Kh8 17. Bf5 Rc8 18. Kb1 b5 19. Qd2 Rc6 20. Nxb5 Nb6 21. Na3 c4
22. Nb5 c3 23. Nxc3 Nc4 24. Qe2 Qa5 25. Ka1 Ba6 26. Bd3 Rb8 27. Rb1 Bf8 28.
Rhc1 Rcb6 29. Nd1 Bc8 30. b3 Na3 31. Ne5 Nxb1 32. Kxb1 Ba3 33. Nb2 Bxb2 34.
Kxb2 Qa4 35. Rc3 Be6 36. Bb1 Qe8 37. Qc2 Qg8 38. f4 R6b7 39. f5 Bd7 40. f6 Re8
41. Ng6+ fxg6 42. hxg6 Bxg4 43. Rc7 1-0

[Event "Torneo Zonale Finale A"]
[Site "Los Yebenes ESP"]
[Date "1990.05.??"]
[Round "8"]
[White "Arlandi, Ennio"]
[Black "Illescas Cordoba, Miguel"]
[Result "1/2-1/2"]
[WhiteElo "2390"]
[BlackElo "2530"]
[PlyCount "22"]
[EventDate "1990.05.01"]

1. d4 Nf6 2. c4 e6 3. Nc3 d5 4. cxd5 exd5 5. Bg5 Be7 6. e3 c6 7. Bd3 Nbd7 8.
Nge2 Nf8 9. f3 Ne6 10. Bh4 O-O 11. O-O g6 1/2-1/2

[Event "Torneo Zonale Finale A"]
[Site "Los Yebenes ESP"]
[Date "1990.05.??"]
[Round "8"]
[White "Sanna, Gianlazzaro"]
[Black "Fernandes, Antonio M."]
[Result "0-1"]
[WhiteElo "2405"]
[BlackElo "2440"]
[PlyCount "98"]
[EventDate "1990.05.01"]

1. d4 f5 2. Nf3 Nf6 3. g3 g6 4. Bg2 Bg7 5. O-O O-O 6. c4 d6 7. b3 Qe8 8. Bb2 h6
9. Nc3 Na6 10. Re1 e5 11. dxe5 dxe5 12. e4 f4 13. gxf4 Nh5 14. fxe5 c6 15. Re3
Bg4 16. h3 Rd8 17. Qc1 Bc8 18. Ne2 Rf7 19. c5 Nc7 20. Qc4 Ne6 21. Ng3 Nhf4 22.
Bf1 Qe7 23. b4 Kh7 24. Qc2 Rdf8 25. h4 h5 26. Rd1 Bh6 27. Ra3 Nc7 28. Rd6 Bg4
29. Rf6 Nce6 30. Nh2 a6 31. f3 Bh3 32. Bc4 Bg7 33. Nf5 gxf5 34. exf5 Kh8 35.
Rxf7 Qxf7 36. fxe6 Bxe6 37. Bxe6 Qxe6 38. Re3 Bh6 39. Re1 Rg8+ 40. Kh1 Rg2 41.
Qxg2 Nxg2 42. Kxg2 Kg8 43. a3 Qa2 44. Re2 Qc4 45. Kf1 Bf4 46. e6 Kf8 47. e7+
Ke8 48. Bf6 Bxh2 49. Bg5 Bg3 0-1

[Event "Torneo Zonale Finale A"]
[Site "Los Yebenes ESP"]
[Date "1990.05.??"]
[Round "9"]
[White "Sanna, Gianlazzaro"]
[Black "Arlandi, Ennio"]
[Result "1/2-1/2"]
[WhiteElo "2405"]
[BlackElo "2390"]
[PlyCount "64"]
[EventDate "1990.05.01"]

1. d4 d5 2. c4 e6 3. Nc3 Be7 4. Nf3 Nf6 5. Bg5 h6 6. Bh4 O-O 7. e3 b6 8. Be2
Bb7 9. Bxf6 Bxf6 10. cxd5 exd5 11. b4 c5 12. bxc5 bxc5 13. Rb1 Bc6 14. O-O Nd7
15. Bb5 Qc7 16. Qc2 Rfc8 17. Rfc1 Bxb5 18. Nxb5 Qc6 19. dxc5 Nxc5 20. Qf5 Qe6
21. Nfd4 Qxf5 22. Nxf5 Ne6 23. Rxc8+ Rxc8 24. Nxa7 Rc2 25. Nb5 Rxa2 26. h3 Ra5
27. Nbd6 d4 28. Nxd4 Nxd4 29. exd4 Bxd4 30. g4 Ra2 31. Ne4 g6 32. Rd1 Ra1
1/2-1/2

[Event "Torneo Zonale Finale A"]
[Site "Los Yebenes ESP"]
[Date "1990.05.??"]
[Round "10"]
[White "Arlandi, Ennio"]
[Black "Fernandes, Antonio M."]
[Result "1/2-1/2"]
[WhiteElo "2390"]
[BlackElo "2440"]
[PlyCount "61"]
[EventDate "1990.05.01"]

1. d4 Nf6 2. c4 e6 3. Nc3 Bb4 4. Qc2 c5 5. dxc5 Bxc5 6. Nf3 Qb6 7. e3 Qc7 8.
Nb5 Qd8 9. a3 a6 10. Nbd4 Be7 11. b4 d6 12. Bb2 b6 13. Bd3 Qc7 14. O-O O-O 15.
e4 Rd8 16. Rfe1 Nbd7 17. h3 Bb7 18. Rac1 Rac8 19. Qb3 Nf8 20. Bb1 N6d7 21. Qe3
Bf6 22. Nd2 g6 23. Ba2 Bg7 24. Rcd1 Re8 25. Ba1 Nf6 26. Ne2 N8d7 27. Ng3 Red8
28. Nf3 Bc6 29. Qf4 e5 30. Qe3 h6 31. Nd2 1/2-1/2

[Event "Torneo Zonale Finale A"]
[Site "Los Yebenes ESP"]
[Date "1990.05.??"]
[Round "10"]
[White "Illescas Cordoba, Miguel"]
[Black "Sanna, Gianlazzaro"]
[Result "1-0"]
[WhiteElo "2530"]
[BlackElo "2405"]
[PlyCount "37"]
[EventDate "1990.05.01"]

1. e4 c5 2. Nf3 Nc6 3. d4 cxd4 4. Nxd4 Nf6 5. Nc3 d6 6. Be2 e5 7. Nf3 h6 8. O-O
Be7 9. Re1 O-O 10. h3 Be6 11. Bf1 Rc8 12. Nd5 Nd7 13. b3 f5 14. exf5 Bxf5 15.
Ba3 Nc5 16. b4 Ne6 17. b5 Ncd4 18. Nxd4 Nxd4 19. Nxe7+ 1-0

[Event "Torneo Zonale Finale B"]
[Site "Los Yebenes ESP"]
[Date "1990.05.??"]
[Round "8"]
[White "Belotti, Bruno"]
[Black "Izeta Txabarri, Felix"]
[Result "1/2-1/2"]
[WhiteElo "2425"]
[BlackElo "2380"]
[PlyCount "73"]
[EventDate "1990.05.01"]

1. e4 c6 2. d4 d5 3. Nc3 dxe4 4. Nxe4 Bf5 5. Ng3 Bg6 6. h4 h6 7. Nf3 Nd7 8. h5
Bh7 9. Bd3 Bxd3 10. Qxd3 Qc7 11. Bd2 e6 12. O-O-O Ngf6 13. Ne4 O-O-O 14. g3
Nxe4 15. Qxe4 Bd6 16. c4 c5 17. d5 Rhe8 18. Bc3 exd5 19. Qxd5 Be5 20. Nxe5 Nxe5
21. Bxe5 Rxe5 22. Qf3 Rxd1+ 23. Rxd1 Qe7 24. Qg4+ f5 25. Qg6 Kc7 26. a3 a5 27.
Kb1 Re1 28. Rxe1 Qxe1+ 29. Ka2 Qe5 30. f4 Qd4 31. Qf7+ Kb6 32. Qe6+ Ka7 33.
Qxf5 Qxc4+ 34. Kb1 Qf1+ 35. Ka2 Qc4+ 36. Kb1 Qf1+ 37. Ka2 1/2-1/2

[Event "Torneo Zonale Finale B"]
[Site "Los Yebenes ESP"]
[Date "1990.05.??"]
[Round "9"]
[White "Belotti, Bruno"]
[Black "Garcia Albarracin, Francisco D."]
[Result "1-0"]
[WhiteElo "2425"]
[BlackElo "2270"]
[PlyCount "83"]
[EventDate "1990.05.01"]

1. e4 c5 2. Nf3 Nc6 3. d4 cxd4 4. Nxd4 Nf6 5. Nc3 d6 6. Bg5 e6 7. Qd2 a6 8.
O-O-O h6 9. Be3 Nxd4 10. Bxd4 b5 11. f3 Qa5 12. Kb1 b4 13. Ne2 e5 14. Be3 Be6
15. Nc1 d5 16. Bd3 d4 17. Bf2 Bd6 18. f4 Ng4 19. Bg1 Ne3 20. Bxe3 dxe3 21. Qxe3
exf4 22. Qe2 Qc7 23. e5 Be7 24. Qe4 Rd8 25. Qxf4 O-O 26. Rhe1 a5 27. Ne2 Qb6
28. Qe4 g6 29. Nf4 Bg4 30. Nd5 Rxd5 31. Qxg4 Rd4 32. Qh3 Kg7 33. b3 Rfd8 34.
Re2 a4 35. Rf1 a3 36. Ref2 Rf8 37. Qe3 Bc5 38. Rf6 Rd6 39. Qg3 Rxd3 40. Qxd3
Qc7 41. e6 Qe5 42. Rxf7+ 1-0